000 00431nam a22001457a 4500
999 _c7692
_d7692
003 GBCCL
005 20241126110634.0
008 180911b ||||| |||| 00| 0 eng d
040 _cgbc
082 _aSOU BAP
_b2010
245 _aBaptist Youth Fellowship Imphal division:
_bSilver jubilee 1985-2010 /
_cedited by N Khamsuanthang
260 _c2010.
_aImphal:
_bMedia & publication board SJCC,
300 _a58p. ;
942 _2ddc
_cARCH